| 000 | 00669nam a22001937a 4500 | ||
|---|---|---|---|
| 999 |
_c129961 _d129961 |
||
| 008 | 191112b ||||| |||| 00| 0 eng d | ||
| 020 | _a978-1-59451-764-8 | ||
| 050 | _aGN492.C728 | ||
| 100 |
_aComaroff, Jean _930547 |
||
| 245 |
_aTheory from the south : _b or, how Euro-America is evolving towards Africa _c/ by Jean Camaroff and John L. Comaroff |
||
| 260 |
_aLondon: _bRoutledge, _c2012. |
||
| 300 |
_axii, 260p. ; _c26cm. |
||
| 650 |
_aPolitical anthropology _948488 |
||
| 650 |
_aSovereignity _948501 |
||
| 650 |
_aHuman territoriality _948502 |
||
| 650 |
_aPolitical violennce _948503 |
||
| 700 |
_aComaroff, John L. _937121 |
||
| 942 |
_2lcc _cMONOGRAPH |
||